000 01213cam a2200337 a 4500
999 _c5279
_d5279
001 2479678
003 ALUPE UNIVERSITY
005 20220406092040.0
008 960710s2000 enka 001 0 eng u
020 _a0853694478
035 _aocm44456439
040 _beng
_dAEU
_cALUPE UNIVERSITY
050 _aRM301
_b.E39 2000
090 _aRS 92 E39 2000
_bAEU
100 1 _aEdwards, Clive.
245 1 0 _aMinor illness or major disease? :
_bresponding to symptoms in the pharmacy /
_cClive Edwards and Paul Stillman.
250 _a3rd ed.
260 _aLondon :
_bPharmaceutical Press,
_cc2000.
300 _a210 p. :
_bill. (chiefly col.) ;
_c25 cm.
336 _atext
_btxt
_2rdacontent
337 _aunmediated
_bn
_2rdamedia
338 _avolume
_bnc
_2rdacarrier
500 _aBased on a collection of articles which originally appeared in The Pharmaceutical Journal.
504 _aIncludes index.
583 1 _acommitted to retain
_c20170930
_d20421231
_fHathiTrust
_uhttps://www.hathitrust.org/shared_print_program
_5AEU
_zHathiTrust Shared Print commitment 2017
650 0 _aPharmacy.
650 0 _aDiseases.
700 1 _aStillman, P.
730 0 _aPharmaceutical journal.
942 _2lcc
_cBK
_nCM